Susan Ferrier of Edinburgh : a biography.

Bibliographic Details
Main Author: Grant, Aline
Format: Book
Language:English
Published: Denver : A. Swallow, [1957]
Subjects:

MARC

Tag First Indicator Second Indicator Subfields
LEADER 00000cam a2200000 4500
001 in00000143413
005 20151003070228.0
008 760414s1957 cou b 00000beng d
010 |a  57002312  
035 |a (OCoLC)02112090 
035 |9 AAQ6257AM 
040 |a DLC  |c FHM  |d TXA  |d UtOrBLW 
049 |a TXAM  |c [280957] 
050 0 0 |a PR4699.F4  |b Z67 
082 0 |a 928.2 
100 1 |a Grant, Aline. 
245 1 0 |a Susan Ferrier of Edinburgh :  |b a biography. 
264 1 |a Denver :  |b A. Swallow,  |c [1957] 
300 |a 174 pages ;  |c 23 cm. 
336 |a text  |b txt  |2 rdacontent 
337 |a unmediated  |b n  |2 rdamedia 
338 |a volume  |b nc  |2 rdacarrier 
504 |a Bibliography: pages 169-173. 
600 1 0 |a Ferrier, Susan,  |d 1782-1854. 
999 |a MARS 
999 f f |s 4429c1ce-8e5b-383c-ab4d-13f7678b06ee  |i de691651-e899-3516-9201-75303d3e4943  |t 0 
952 f f |p ric  |a Texas A&M University  |b Rellis Campus  |c Joint Library Facility  |d Remote Storage  |t 0  |e PR4699.F4 Z67  |h Library of Congress classification  |i unmediated -- volume  |m A14803956760 
998 f f |a PR4699.F4 Z67  |t 0  |l Remote Storage